Griechisch - roemische Komoedie und Tradoedie III
Saved in:
| Other Authors: | |
|---|---|
| Format: | Book |
| Language: | German |
| Published: |
Stuttgart :
J.B. Metzler,
1999
|
| Series: | Drama ;
; 8 |
| Subjects: | |
| Tags: |
Add Tag
No Tags, Be the first to tag this record!
|
MARC
| LEADER | 00000cam a2200000 i 4500 | ||
|---|---|---|---|
| 001 | 1/21286 | ||
| 008 | 010918s1999 ger d | ||
| 020 | |a 3-476-45228-X | ||
| 035 | |l 10067268 | ||
| 040 | |a GR-MY-UA |b gre |e aacr | ||
| 041 | 0 | |a ger | |
| 082 | 0 | |a 882.1109 | |
| 245 | 1 | 0 | |a Griechisch - roemische Komoedie und Tradoedie III / |c Bernhard Zimmermann (Hrsg.) |
| 260 | |a Stuttgart : |b J.B. Metzler, |c 1999 | ||
| 300 | |a 182 p. | ||
| 490 | 1 | |a Drama |v ; 8 | |
| 650 | 0 | 0 | |a Greek drama |x History and criticism. |
| 700 | 1 | |a Zimmermann, Bernhard, |d 1955- |4 edt | |
| 830 | 0 | |a Drama ; |v ; 8 | |
| 852 | |a INST |b RHODES |e 20010918 |h 882.1109 GRI |p 005400016864 |q 005400016864 |t BK |y 0 | ||
| 901 | |a BIBL4-2001-3 | ||
| 909 | |a Ρ |b 085088 | ||
| 970 | |a ΚΟΥΛΑΚΙΟΤΗ |b ΛΙΤΣΑ |z 2001/09/18 | ||